000
00294nam a22001337a 4500
008
181102b xxu||||| |||| 00| 0 eng d
020
_a
9781608311255
041
_a
eng
080
_a
610
100
_a
4
101
_a
SHM
245
_a
Q&A Review of NCLEX-RN
_c
Billings,D.M
942
_2
udc
_c
BK
999
_c
51588
_d
51588